| 000 | 00910pam a2200289 a 4500 | ||
|---|---|---|---|
| 008 | |||
| 020 | _a9780702043413 (pbk.) | ||
| 049 | 0 | _aMAIN | |
| 050 | 0 | 0 |
_aRG628.3.H42 _bFRE |
| 100 | 1 | _aFredouille, Cathrine. | |
| 245 | 1 | 0 |
_aFetal heart ultrasound : _b how, why and when 3 steps and 10 key points / _cCathrine Fredouille, Jean-Eric Develay -Morice, Lombardi Claudio. |
| 250 | _a2nd ed. | ||
| 260 |
_aEdinburgh : _bElsevier, _cc2014. |
||
| 300 |
_axv, 184 p. : _bill. ; _c25 cm. |
||
| 504 | _aIncludes bibliographical references. | ||
| 500 | _aIncludes index. | ||
| 650 | 0 | _aFetal heart ultrasound. | |
| 650 | 2 | _aFetal Heart. | |
| 650 | 2 | _aFetal ultrasound. | |
| 700 | 1 | _aMorice-Develay, Jean-Eric | |
| 700 | 1 | _aLombardi, Claudio | |
| 907 |
_a.b10383517 _b22-09-17 _c22-09-17 |
||
| 003 | |||
| 005 | 20230123122259.0 | ||
| 040 | _cNUST | ||
| 942 | _cBOOKS | ||
| 999 |
_c130916 _d130916 |
||